000 00532nam a2200169Ia 4500
008 090201s9999 xx 000 0 und d
010 _aKPL-62098
040 _bमराठी
041 _aमराठी
082 _a35996
_b62098
100 _aयशवंत पाठक
245 _aपाखर चंदनाची
_cयशवंत पाठक
260 _c2004
_bग्रंथाली प्रकाशन
300 _a242
_bमोठा
600 _aपाखर चंदनाची
942 _cBOOK
999 _c234038
_d234038